LEADER 00788nam0 2200277 450 001 000013646 005 20080627113818.0 100 $a20080627d1956----km-y0itay50------ba 101 0 $aita 102 $aIT 105 $aa-------001yy 200 1 $a<>stelle e i pianeti$fGiorgio Abetti 205 $a2. ed. 210 $aTorino$cEinaudi$d1956 215 $aXVI, 383 p.$cill.$d22 cm 225 2 $aBiblioteca di cultura scientifica$v12 410 0$12001$aBiblioteca di cultura scientifica 610 1 $aPianeti 610 1 $aStelle 676 $a523.8$v21$9Stelle 700 1$aAbetti,$bGiorgio$028774 801 0$aIT$bUNIPARTHENOPE$c20080627$gRICA$2UNIMARC 912 $a000013646 951 $a523.8/106$b13990$cNAVA1 996 $aStelle e i pianeti$9329099 997 $aUNIPARTHENOPE